ბათუმის შოთა რუსთაველის სახელმწიფო უნივერსიტეტის ბიბლიოთეკა

ანდრია აფაქიძის კოლექცია / (ბიბ.ჩანაწერი № 46172)

000 -ლიდერი
ფიქსირებული სიგრძის საკონტროლო ველი 01401nam a2200229Ia 4500
001 - საკონტროლო ნომერი
საკონტროლო ველი 13004
003 - საკონტროლო ნომრის იდენტიფიკატორი
საკონტროლო ველი GE_BSU
005 - ბოლო ოპერაციის თარიღი და დრო
საკონტროლო ველი 20240812175021.0
008 - ფიქსირებული სიგრძის მონაცემთა ელემენტები - ზოგადი ინფორმაცია
ფიქსირებული სიგრძის საკონტროლო ველი 181216s2014||||ge |||||||||||||| || ||
020 ## - წიგნის საერთაშორისო სტანდარტული ნომერი
International Standard Book Number 9789941133763
040 ## - კატალოგიზაციის წყარო
Transcribing agency GE_BSU
041 ## - ენის კოდი
Language code of text/sound track or separate title geo
080 ## - უნივერსალური ათობითი კლასიფიკაციის ინდექსი
Universal Decimal Classification number 017.2+027(479.32)+930(479.22)(092) ა-91
245 ## - ცნობა სათაურის შესახებ
Title ანდრია აფაქიძის კოლექცია /
Statement of responsibility, etc რედაქტორი : ზურაბ გაიპარაშვილი ; კოლექციის აღწერილობა მოამზადა : მაკა ნუცუბიძემ ; ივანე ჯავახიშვილის სახელობის თბილისის სახელმწიფო უნივერსიტეტი.
264 ## - წარმოების, გამოცემის, დისტრიბუციის და სხვა ცნობები
გამოცემის, წარმოების, დისტრიბუციის... ადგილი თბილისი :
გამოცემის, წარმოების, დისტრიბუციის... სახელწოდება თბილისის უნ-ტის გამ-ბა,
გამოცემის, წარმოების, დისტრიბუციის... თარიღი 2014.
300 ## - ფიზიკური აღწერა
Extent 263 გვ. ;
Dimensions 21 სმ.
653 ## - INDEX TERM--UNCONTROLLED
Uncontrolled term [ივანე ჯავახიშვილის სახ. თბილ. სახელმწ. უნ-ტის ბიბლიოთეკის კოლექციები]
653 ## - INDEX TERM--UNCONTROLLED
Uncontrolled term ანდრია აფაქიძის კოლექციები
653 ## - INDEX TERM--UNCONTROLLED
Uncontrolled term არქეოლოგია
700 ## - ADDED ENTRY--PERSONAL NAME
Personal name გაიპარაშვილი, ზურაბ
Relator term რედაქტორი
9 (RLIN) 23073
942 ## - ADDED ENTRY ELEMENTS (KOHA)
Koha item type წიგნი
Source of classification or shelving scheme
ეგზემპლარები
ჩამოწერის სტატუსი დაკარგული ეგზემპლარის სტატუსი კლასიფიკაციის წყარო ან თაროზე გაწყობის სქემა დაზიანების სტატუსი არ გაიცემა მუდმივი მდებარეობა (დაცვის ადგილი) ამჟამინდელი ადგილსამყოფელი თაროზე განთავსების ადგილი შეძენის თარიღი სრული შენახვის შიფრი შტრიხკოდი ბოლო ოპერაციის თარიღი ეგზემპლარის მიმდევრობითი ნომერი (კეტერი?) ფასის ძალაში შესვლის თარიღი ეგზემპლარის სახეობა
          ბათუმის შოთა რუსთაველის სახელმწიფო უნივერსიტეტის მთავარი ბიბლიოთეკა ბათუმის შოთა რუსთაველის სახელმწიფო უნივერსიტეტის მთავარი ბიბლიოთეკა წიგნსაცავი 2018-12-17 017.2+027(479.32)+930(479.22)(092) ა-91 27152 2018-12-17 27152 2018-12-17 წიგნი